00310nam a22001337a 4500003000400000005001700004008004100021020001900062040001300081100001700094245002300111260003400134300000800168OSt20240311120149.0171027b xxu||||| |||| 00| 0 eng d a978-0074600689 cSEROSOFT aCHOUDHARY, S aPROJECT MANAGEMENT aNEW DELHIbMC GRAW HILLc2010 a244